Политология: электронный курс

Bibliographic Details
Main Author: Штанько М. А. Марина Александровна
Corporate Author: Национальный исследовательский Томский политехнический университет (ТПУ) Институт социально-гуманитарных технологий (ИСГТ) Кафедра истории и регионоведения (ИСТ)
Summary:Заглавие с экрана
Готовность к организаторской, управленческой деятельности. Осуществление информационно-аналитической деятельности. Проведение научно-исследовательской и педагогической деятельности по политической проблематике. Развитие личностных качества, необходимых для осуществления профессиональной деятельности: толерантности, культура речи и мышления, следование дипломатическому этикету, социальная ответственность, стремление к саморазвитию, профессиональный долг, патриотизм, творческий подход.
Доступ по логину и паролю
Language:Russian
Published: Томск, TPU Moodle, 2014
Subjects:
Online Access:https://design.lms.tpu.ru/course/view.php?id=172
Format: Electronic Book
KOHA link:https://koha.lib.tpu.ru/cgi-bin/koha/opac-detail.pl?biblionumber=651589

MARC

LEADER 00000nlm0a2200000 4500
001 651589
005 20231102025811.0
035 |a (RuTPU)RU\TPU\network\16838 
035 |a RU\TPU\network\16837 
090 |a 651589 
100 |a 20161116d2014 m y0rusy50 ca 
101 0 |a rus 
102 |a RU 
105 |a a j 000zy 
135 |a jrcn ---uucaa 
181 0 |a i  
182 0 |a b 
200 1 |a Политология  |e электронный курс  |f М. А. Штанько  |g Национальный исследовательский Томский политехнический университет (ТПУ), Институт социально-гуманитарных технологий (ИСГТ), Кафедра истории и регионоведения (ИСТ) 
203 |a Текст  |c электронный 
210 |a Томск  |c TPU Moodle  |d 2014 
230 |a Электрон. дан. 
300 |a Заглавие с экрана 
330 |a Готовность к организаторской, управленческой деятельности. Осуществление информационно-аналитической деятельности. Проведение научно-исследовательской и педагогической деятельности по политической проблематике. Развитие личностных качества, необходимых для осуществления профессиональной деятельности: толерантности, культура речи и мышления, следование дипломатическому этикету, социальная ответственность, стремление к саморазвитию, профессиональный долг, патриотизм, творческий подход. 
333 |a Доступ по логину и паролю 
606 1 |a Политология  |2 stltpush  |3 (RuTPU)RU\TPU\subj\50495  |9 69168 
610 1 |a электронный ресурс 
610 1 |a труды учёных ТПУ 
610 1 |a электронное обучение 
610 1 |a электронные курсы ТПУ 
610 1 |a политика 
610 1 |a политические отношения 
610 1 |a политическая культура 
610 1 |a демократия 
610 1 |a выборы 
610 1 |a власть 
610 1 |a политические отношения 
610 1 |a товарная номенклатура 
610 1 |a внешнеэкономическая деятельность 
610 1 |a классификации 
610 1 |a кодирование 
610 1 |a электронные учебные пособия 
610 1 |a электронные учебные пособия 
686 |a Ф011.6  |2 rubbk 
700 1 |a Штанько  |b М. А.  |c философ  |c доцент Томского политехнического университета, кандидат философских наук  |f 1976-  |g Марина Александровна  |2 stltpush  |3 (RuTPU)RU\TPU\pers\25569 
712 0 2 |a Национальный исследовательский Томский политехнический университет (ТПУ)  |b Институт социально-гуманитарных технологий (ИСГТ)  |b Кафедра истории и регионоведения (ИСТ)  |h 38  |2 stltpush  |3 (RuTPU)RU\TPU\col\18372 
801 2 |a RU  |b 63413507  |c 20211201  |g RCR 
856 4 |u https://design.lms.tpu.ru/course/view.php?id=172 
942 |c CF